Les 3 meilleurs footballeurs par pays #3 - Statistiques

Statistiques générales
  • Ce quiz a été pris 194 fois
  • Le résultat moyen est 7 sur 15
Statistiques - réponses
Pays Postes Club Principal Joueurs % Correct
Pologne Attaquant Bayern Munich Robert Lewandowski
94%
Suède Attaquant Paris Saint Germain Zlatan Ibrahimovic
94%
Danemark Milieu de terrain Tottenham Hotspurs Christian Eriksen
70%
Danemark Gardien de but Leicester City Kasper Schmeichel
70%
Turquie Milieu de terrain Inter Milan Hakan Calhanoglu
67%
République Tchèque Milieu Gauche Juventus Turin Pavel Nedved
66%
Pologne Gardien de but Juventus Turin Woljiech Szczesny
55%
Suède Attaquant Celtic Glasgow Henrik Larson
44%
Danemark Défenseur Central FC Séville Simon Kjaer
40%
République Tchèque Milieu de terrain FC Arsenal Tomas Rosicky
38%
Pologne Défenseur Droit Borussia Dortmund Lukasz Piszczek
29%
Turquie Attaquant Galatasaray Hakan Sukur
24%
République Tchèque Attaquant FC Liverpool Milan Baros
23%
Turquie Gardien de but Fenerbaçe Rustu Recber
12%
Suède Ailier Gauche FC Arsenal Freddie Ljungbjerg
2%
Aucun quiz correspondant
Distribution des résultats
% des personnes avec chaque résultat
Percentile par nombre de réponses
Votre historique - résultats
Vous n’avez pas pris ce quiz